Caracterización y diseño de un plan de monitoreo para una población de Aniba perutitilis Hemsley (Lauraceae), en el cañón del río Barbas (Registro nro. 6021)
[ vista simple ]
| 000 -CABECERA | |
|---|---|
| Campo de control | 01896nam a2200241 a 4500 |
| 005 - FECHA Y HORA DE LA ULTIMA TRANSACCION | |
| Campo de control | 20200104041605.0 |
| 008 - ELEMENTOS DE LONGITUD FIJA—INFORMACION GENERAL | |
| Campo de control | 130719b xxu||||| |||| 00| 0 spa d |
| 041 ## - IDIOMA | |
| Código de idioma para texto/pista de sonido o título separado | Español |
| 090 ## - CLASIFICACIÓN LOCAL | |
| Colección | IAVH |
| Consecutivo | 00765 CD-1 |
| 100 ## - ASIENTO PRINCIPAL--NOMBRE PERSONAL | |
| Nombre personal | Fagua, José Camilo |
| 245 ## - MENCION DE TITULO | |
| Título | Caracterización y diseño de un plan de monitoreo para una población de Aniba perutitilis Hemsley (Lauraceae), en el cañón del río Barbas |
| 260 ## - PUBLICACION, DISTRIBUCION, ETC. (PIE DE IMPRENTA) | |
| Lugar de publicación, distribución, etc. | Bogotá |
| Nombre del editor, distribuidor, etc. | Instituto Alexander von Humboldt |
| Fecha de publicación, distribución, etc. | 2005 |
| 300 ## - DESCRIPCION FISICA | |
| Extensión | 66 p. |
| 520 ## - NOTA DE RESUMEN, ETC. | |
| Nota de resumen | En la primera parte se realizó un esbozo sobe como se realizó la selección de la población de estudio de A. perutilis. Se estudió la importancia que tiene la topografía en la distribución de A. perutilis considerando que muchos de los relictos de bosque de la cordillera andina de Colombia, se conservan gracias a sus escarpados relieves. Al final se explica el plan de monitoreo de la especie en cuatro fragmentos de bosque muy húmedo premontano de la región cafetera de Colombia, basado en lo que sería un estudio de dinámica poblacional empleando matrices de proyección. Se destaca un estudio de caso en el cañón del río Barbas, en el que se presentan los lugares donde deberían ubicarse las parcelas de observación para un monitoreo. Se muestra cómo se calculó el tamaño mínimo de las parcelas y se describe el seguimiento que se deba hacer en campo. Además se explican teóricamente los estadísticos poblacionales que se pueden calcular para monitorear a Aniba perutilis. |
| 650 ## - ASIENTO SECUNDARIO DE MATERIA - TERMINO TEMATICO | |
| Término temático o nombre geográfico como elemento de entrada | Topografía |
| 650 ## - ASIENTO SECUNDARIO DE MATERIA - TERMINO TEMATICO | |
| Término temático o nombre geográfico como elemento de entrada | Monitoreo |
| 650 ## - ASIENTO SECUNDARIO DE MATERIA - TERMINO TEMATICO | |
| Término temático o nombre geográfico como elemento de entrada | Bosque muy húmedo premontano |
| 650 ## - ASIENTO SECUNDARIO DE MATERIA - TERMINO TEMATICO | |
| Término temático o nombre geográfico como elemento de entrada | Dinámica poblacional |
| 650 ## - ASIENTO SECUNDARIO DE MATERIA - TERMINO TEMATICO | |
| Término temático o nombre geográfico como elemento de entrada | Estadística de poblaciones |
| 662 ## - ASIENTO SECUNDARIO DE MATERIA - JERARQUIA DEL NOMBRE DE LUGAR( | |
| País o entidad mayor | Colombia |
| Jurisdicción política intermedia | Río Barbas |
| Jurisdicción política de primer orden | Risaralda |
| 773 0# - Item fuente: | |
| Host Biblionumber | 5986 |
| Host Itemnumber | 9704 |
| Asiento principal | |
| Edición | |
| Lugar, editorial y fecha de publicación | Bogotá Informatica documental 2007 |
| Otro identificador del ítem - Codigo de Barras | 024802 |
| Título | Informes de investigaciones IAVH en PDF |
| Número de control del registro | |
| Número Internacional Normalizado para Publicaciones Seriadas - ISSN | |
| Número Internacional Normalizado para Libros - ISBN | |
| 942 ## - ELEMENTOS ADICIONALES (KOHA) | |
| Sistema de clasificación | Dewey Decimal Classification |
| Tipo de ítem | CD-ROM |
No hay ítems disponibles.